El ciego (Record no. 167006)

MARC details
000 -LEADER
campo de control de longitud fija 01154nam a22002535i 4500
001 - NÚMERO DE CONTROL
campo de control 167006
003 - IDENTIFICADOR DE NÚMERO DE CONTROL
campo de control ES-MaACL
005 - FECHA Y HORA DE LA ÚLTIMA TRANSACCIÓN
campo de control 20251015191012.0
008 - DATOS DE LONGITUD FIJA--INFORMACIÓN GENERAL
campo de control de longitud fija 010511s1842 sp |||| | spa d
040 ## - FUENTE DE CATALOGACIÓN
Centro catalogador/agencia de origen CCPB | B
Lengua de catalogación spa
Centro/agencia transcriptor CCPB | B
080 ## - NÚMERO DE LA CLASIFICACIÓN DECIMAL UNIVERSAL
Número de la Clasificación Decimal Universal 821.133.1-23"18"
100 1# - ENTRADA PRINCIPAL--NOMBRE DE PERSONA
Nombre de persona Varin (
Fechas asociadas al nombre 1798-1869)
9 (RLIN) 133561
245 13 - MENCIÓN DEL TÍTULO
Título El ciego
Resto del título : comedia en un acto /
Mención de responsabilidad, etc. escrita en francés por Varin ; (traducción de J. del Peral).
260 ## - PUBLICACIÓN, DISTRIBUCIÓN, ETC.
Lugar de publicación, distribución, etc. [Madrid :
Nombre del editor, distribuidor, etc. s.n.,
Fecha de publicación, distribución, etc. 1842] (
Fabricante imp. de F. Suárez)
300 ## - DESCRIPCIÓN FÍSICA
Extensión 14 p. ;
Dimensiones 25 cm.
490 1# - MENCIÓN DE SERIE
Mención de serie Museo dramático ó Colección de comedias del teatro estrangero, representado en los principales de la corte ;
Designación de volumen o secuencia 2
594 ## - Nota al título y mención de responsabilidad
Nota al título y mención de responsabilidad Autor y título tomado del principio del texto.
596 ## - NOTA AL PIE DE IMPRENTA
NOTA AL PIE DE IMPRENTA Representada por primera vez en el teatro del Liceo de Madrid el día 17 de marzo de 1842.
700 1# - ENTRADA AGREGADA--NOMBRE PERSONAL
Nombre de persona Peral, Juan del,
Fechas asociadas al nombre m. 1888
9 (RLIN) 130982
830 00 - PUNTO DE ACCESO ADICIONAL DE SERIE-TÍTULO UNIFORME
Título uniforme Museo dramático ó Colección de comedias del teatro estranjero representadas en los principales teatros de la corte
Designación de volumen o secuencia 2
9 (RLIN) 242030
852 ## - LOCALIZACIÓN
Ubicación ES-MaACL
Número de control de estantería F-7488(2)
Nota libre -- Enc. hol.- Enc. en un vol. facticio
Holdings
Estatus retirado Estado de pérdida Estado de daño No para préstamo Colección Biblioteca de origen Biblioteca actual Ubicación en estantería Fecha de adquisición Total de préstamos Signatura topográfica completa Código de barras Visto por última vez Precio de reemplazo Tipo de ítem Koha
        Libros del s. XIX Biblioteca del Ateneo de Madrid Biblioteca del Ateneo de Madrid Depósito 2 17/01/2008   F-7488(2) 1175187 23/02/2023 23/02/2023 Libro impreso antiguo